| 000 | 00848nam a2200265 a 4500 | ||
|---|---|---|---|
| 008 | |||
| 020 | _a0862779383 (pbk.) | ||
| 049 | _aMAIN | ||
| 090 | _aHD31ASS | ||
| 245 | 0 | 0 |
_aAAT study text, paper 13 : _borganisation and financial control. |
| 260 |
_aLondon : _bBPP, _c1992. |
||
| 300 |
_axii, 538 p. ; _c29 cm. |
||
| 500 | _aIncludes index. | ||
| 650 |
_aFinance _xStudy and teaching. |
||
| 650 |
_aBusiness enterprises _xFinance. |
||
| 650 |
_aAssociations, institutions, etc. _xFinance. |
||
| 650 |
_aCorporations _xFinance. |
||
| 710 | 2 | _aAssociation of Accounting Technicians. | |
| 740 | 1 | _aOrganisation and financial control :AAT study text, paper 13. | |
| 907 |
_a.b10086985 _b20-06-06 _c28-08-03 |
||
| 003 | |||
| 005 | 20230123133405.0 | ||
| 040 | _cNUST | ||
| 942 |
_cBOOKS _kHD31ASS |
||
| 999 |
_c147761 _d147761 |
||